| 000 | 02286nam0a2200385 4500 | ||
|---|---|---|---|
| 001 | RU\NLR\bibl\1349685 | ||
| 005 | 20260407200124.0 | ||
| 010 | _a978-5-88149-339-4 | ||
| 021 |
_aRU _b2009-797и _945и |
||
| 035 | _a(NLR Aleph) 001334787 | ||
| 090 |
_a823212 _c823212 |
||
| 100 | _a20090401d2009 |||y0rusy50 ca | ||
| 101 | 0 | _arus | |
| 102 | _aRU | ||
| 105 | _aa ||||||||| | ||
| 200 | 1 |
_a"...чья рука послушна разуму" _eтворческая мастерская художников Инессы и Рашида Азбухановых _e[каталог выставки _fсост.: И.И. Азбуханова, Г.В. Сидоренко _gавт. ст.: Г.В. Сидоренко, И.К. Языкова] |
|
| 210 |
_aМосква _c[б.и.] _d2009 |
||
| 215 |
_a88 с. _cил., цв. ил. _d27 |
||
| 300 | _aВ надзаг.: М-во культуры Рос. Федерации, Гос. Третьяковская галерея | ||
| 320 | _aБиблиогр. в примеч.: с. 11 (5 назв.) и в конце кн. | ||
| 600 | 1 |
_aАзбуханов _bР.Ш. _gРашид Шамагонович _jКаталоги _xВыставки _yМосква, город _z2009 _92553365 _3RU\NLR\auth\661510774 |
|
| 600 | 1 |
_aАзбуханова _bИ.И. _gИнесса Ивановна _jКаталоги _xВыставки _yМосква, город _z2009 _92553362 _3RU\NLR\auth\661510772 |
|
| 601 | 0 | 2 |
_aГосударственная Третьяковская галерея _cМосква, город _jКаталоги _xВыставки _z2009 _92553373 _3RU\NLR\auth\661510779 |
| 686 | _aЩ133(2Р=Рус)7-8Азбуханов | ||
| 686 | _aЩ133(2Р=Рус)7-8Азбуханова | ||
| 702 | 1 |
_aАзбуханова _bИ. И. _gИнесса И. _4220 |
|
| 702 | 1 |
_aАзбуханова _bИ. И. _gИнесса И. _4570 |
|
| 702 | 1 |
_aАзбуханов _bР. _gРашид _4570 |
|
| 711 | 0 | 2 |
_aМастерская резных икон Азбухановых _cДмитров _3RU\NLR\AUTH\8810130858 _9758443 |
| 711 | 1 | 2 |
_a"... чья рука послушна разуму", выставка _f2009 _eМосква _3RU\NLR\AUTH\8810130859 _9758445 |
| 801 | 0 |
_aRU _bNLR _c20090401 _gRCR |
|
| 801 | 1 |
_aRU _bNLR _c20090401 |
|
| 942 | _cBOOK | ||
| 980 | _aNB | ||